[Event "3rd GRENKE Chess Open 2018"]
[Site "Karlsruhe"]
[Date "2018.03.30"]
[Round "3"]
[White "Van Wely, Loek"]
[Black "Colpe, Malte"]
[Result "1-0"]
[WhiteElo "2667"]
[BlackElo "2398"]
[Annotator "TA"]
[PlyCount "69"]
[EventDate "2018.??.??"]
[EventType "swiss"]
[EventCountry "GER"]
[SourceTitle "playchess.com"]
[Source "ChessBase"]
[SourceQuality "1"]

{[%evp 12,69,-19,-14,15,8,95,93,99,92,100,103,112,100,137,130,145,136,163,110,165,146,166,174,178,181,179,89,100,79,81,89,83,45,43,55,127,92,89,70,104,87,62,30,45,7,7,0,166,-10,7,16,376,361,356,357,716,694,726,722]} 1. d4 d5 2. c4 e6 3. Nf3 Nf6 4. g3 Bb4+ 5. Nbd2 dxc4 6. Qc2 {E01: Catalan: Early deviations} b5 7. a4 $1 {LiveBook: 13 Games} Bb7 $146 {White must now prevent ...Bxf3.} ({Predecessor:} 7... c6 8. Bg2 Bb7 9. O-O Nbd7 10. b3 c3 11. Nb1 bxa4 12. bxa4 c5 13. Nxc3 cxd4 14. Nb5 O-O 15. Qb2 Qa5 16. Nfxd4 Bxg2 17. Kxg2 {½-½ (36) Li,C (2720)-Mamedyarov,S (2768) Doha 2016}) 8. axb5 {The position is equal.} Bxf3 (8... O-O $11 {remains equal.}) 9. exf3 $16 Qxd4 10. Bxc4 Qe5+ 11. Kf1 Nbd7 12. Nb3 {[%cal Bd2b3,Bb3d4,Bd4c6][%mdl 32]} Qd6 13. Kg2 O-O 14. Rd1 Qe7 15. Be2 (15. Nd4 $18 Qc5 16. Nc6) 15... Bd6 (15... Nb6 $16 {was necessary.}) 16. Nd4 $18 Nd5 17. Nc6 Qf6 18. Bd3 h6 19. Qe2 (19. Bh7+ $18 {is more deadly.} Kh8 20. Be4) 19... Ne5 $16 20. Be4 Nxc6 21. bxc6 Bc5 22. Bb1 Rfd8 23. Qc2 Bd6 ({Better is} 23... Qe5 $14) 24. Ra4 Kf8 25. h4 Nb4 26. Qh7 a5 27. Be3 {aiming for f4.} Ke7 28. f4 {And now Bd4 would win.} Qxb2 {...Qb3 is the strong threat.} 29. Bd4 $1 $36 {[%cal Rd4b2][%mdl 2048] Black is under pressure.} Qb3 $2 {[#]} (29... Qe2 $1 $11 30. Rc1 Qd2) 30. Re1 $2 ({White has to play} 30. Qxg7 $3 $18 {[%mdl 512] Intending Bf6+ and mate.} Nxc6 31. Bf6+ Kd7 32. Qxf7+ Kc8 33. Be4 Qxa4 34. Qxe6+ Kb7 35. Rb1+ Bb4 36. Bxd8 Rxd8 37. Rc1) 30... Qd5+ ({Worse is} 30... Qxa4 {[#]} 31. Rxe6+ $1 {[%mdl 512]} fxe6 32. Qxg7+ Ke8 33. Bg6#) 31. Re4 $1 Nxc6 $2 {[%mdl 8192]} (31... Qxc6 $11 {and Black has nothing to worry.} 32. Ra3 (32. Qxg7 Qxa4 33. Bf6+ Kd7 $15) 32... Rh8 33. Qxg7 Nd5) 32. Ba2 $18 Qh5 33. Qxg7 Nxd4 $2 (33... Qf5 34. Rxe6+ Kd7) 34. Raxd4 {White threatens Bxe6 and mate.} ({Inferior is} 34. Qxd4 Rg8 $11) 34... Qg6 35. Rxe6+ {Precision: White = 59%, Black = 29%.} 1-0

[Event "3rd GRENKE Chess Open 2018"]
[Site "Karlsruhe"]
[Date "2018.03.30"]
[Round "3"]
[White "Shirov, Alexei"]
[Black "Tomczak, Mikolaj"]
[Result "1/2-1/2"]
[WhiteElo "2651"]
[BlackElo "2394"]
[Annotator "TA"]
[PlyCount "61"]
[EventDate "2018.??.??"]
[EventType "swiss"]
[EventCountry "GER"]
[SourceTitle "playchess.com"]
[Source "ChessBase"]
[SourceQuality "1"]

{[%evp 27,61,6,5,-4,-8,-8,0,-2,0,-13,0,-4,-4,-2,0,0,0,0,0,0,14,15,15,12,16,0,0,2,2,0,0,0,2,2,2,8]} 1. e4 e5 2. Nf3 Nc6 3. Bb5 a6 4. Ba4 Nf6 5. O-O Nxe4 6. d4 b5 7. Bb3 d5 8. dxe5 Be6 9. Be3 Be7 10. c3 O-O 11. Nbd2 Qd7 12. Re1 Rad8 13. Bc2 Bf5 14. Nxe4 {C83: Open Ruy Lopez: 9 c3 Be7} Bxe4 {LiveBook: 12 Games. The position is equal.} 15. Ng5 (15. Bxe4 dxe4 16. Qxd7 Rxd7 17. e6 fxe6 18. Nd2 Ne5 19. Nxe4 Nd3 20. Re2 Rf5 21. Kf1 Kf7 {½-½ (46) Leko,P (2735)-Akopian,V (2694) Astrakhan 2010}) 15... Bxg5 16. Bxg5 Qf5 17. Bxe4 $146 ({Don't play} 17. Bxd8 Bxc2 18. Qxd5 (18. g4 $2 Qg6 $19) 18... Nxd8 $17) ({Find the theoretical novelty and annotate with similar games:} 17. Rxe4 Qxg5 18. h4 Qh6 19. Rg4 Nxe5 20. Rg5 Qf6 21. Bxh7+ Kxh7 {0-1 (51) Fons Cervero,F-Sorin,A (2415) Olot 1992}) 17... Qxg5 18. Bd3 Nxe5 {[#]} 19. h4 $1 {[%mdl 512]} Qf6 {[#] Threatening ...Rfe8.} (19... Qxh4 20. Rxe5) 20. Bxh7+ $1 {[%mdl 512]} Kxh7 21. Qh5+ Kg8 22. Qxe5 Qxe5 23. Rxe5 Rfe8 24. Rxe8+ Rxe8 $11 {[%mdl 4096] Endgame KR-KR} 25. Kf1 Kf8 26. a4 Re4 27. axb5 axb5 28. g3 d4 29. Rc1 dxc3 30. Rxc3 Rb4 31. Rxc7 1/2-1/2

[Event "3rd GRENKE Chess Open 2018"]
[Site "Karlsruhe"]
[Date "2018.03.30"]
[Round "3"]
[White "Gordievsky, Dmitry"]
[Black "Miedema, David"]
[Result "1-0"]
[WhiteElo "2630"]
[BlackElo "2393"]
[Annotator "TA"]
[PlyCount "41"]
[EventDate "2018.??.??"]
[EventType "swiss"]
[EventCountry "GER"]
[SourceTitle "playchess.com"]
[Source "ChessBase"]
[SourceQuality "1"]

{[%evp 9,41,8,52,32,31,10,47,23,33,16,22,5,67,25,107,100,110,100,111,94,119,105,153,154,258,252,262,256,268,250,517,491,663,653]} 1. d4 e6 2. Nf3 Nf6 3. e3 c5 4. Bd3 Nc6 5. b3 (5. O-O d5 6. c3 Bd6 7. Nbd2 O-O 8. Qe2 e5 9. dxc5 Bxc5 10. e4 h6 11. exd5 Nxd5 12. Ne4 Bb6 13. Ng3 Re8 14. Re1 Bg4 15. h3 Be6 16. Bc2 Qc7 17. Qe4 Nf6 18. Qh4 {1-0 (65) Kramnik,V (2777)-Aronian,L (2784) Berlin 2015}) 5... Qc7 6. a3 {A46: 1 d4 Nf6 2 Nf3 e6: Torre, London and Colle Systems} d5 7. Bb2 Bd6 8. c4 {White is slightly better.} dxc4 9. bxc4 O-O 10. O-O e5 $146 (10... cxd4 $11 11. exd4 a6) ({Predecessor:} 10... Rd8 11. Nbd2 b6 12. Qc2 h6 13. Rfe1 Be7 14. Ne4 cxd4 15. exd4 Bb7 16. d5 exd5 17. Nxf6+ Bxf6 {½-½ (32) Armbruster,A (2212)-Henrichs,T (2449) Senden 2000}) 11. d5 Ne7 (11... e4 $11 12. Bxf6 exf3 13. Qxf3 Bxh2+ 14. Kh1 Be5 15. Bxe5 Nxe5) 12. Nc3 $16 a6 13. h3 Bd7 14. a4 Rae8 15. Qc2 g6 16. Nd2 Nh5 (16... Bf5 $16 17. a5 Bxd3 18. Qxd3 Nd7) 17. Nce4 $18 {Strongly threatening g4.} f5 18. Nxd6 Qxd6 19. Qc3 {Black must now prevent f4.} Nc8 $2 {[#]} (19... g5 {might work better.} 20. a5 Ng6) 20. f4 $1 {[%cal Bf2f4,Bf4e5][%mdl 544]} Nb6 (20... exf4 21. Qh8+) 21. fxe5 {Precision: White = 47%, Black = 22%.} 1-0

[Event "3rd GRENKE Chess Open 2018"]
[Site "Karlsruhe"]
[Date "2018.03.30"]
[Round "3"]
[White "Kozul, Zdenko"]
[Black "Skembris, Spyridon"]
[Result "1-0"]
[WhiteElo "2617"]
[BlackElo "2389"]
[Annotator "TA"]
[PlyCount "127"]
[EventDate "2018.??.??"]
[EventType "swiss"]
[EventCountry "GER"]
[SourceTitle "playchess.com"]
[Source "ChessBase"]
[SourceQuality "1"]

{[%evp 20,127,53,50,79,87,116,100,114,106,111,97,112,106,112,104,128,110,112,114,109,108,141,131,138,129,153,102,167,158,184,184,175,193,193,150,142,142,167,170,383,406,612,378,385,379,371,371,371,371,420,418,459,416,574,484,484,473,443,385,384,384,361,333,424,424,423,417,416,409,556,541,679,549,665,665,690,682,600,529,950,905,876,818,640,513,491,476,429,405,574,510,462,340,600,589,593,590,1345,1298,1212,1116,1052,814,1054,970,764,826,866,711]} 1. d4 d5 2. c4 e6 3. Nf3 c5 4. cxd5 exd5 5. g3 Nc6 6. Bg2 Nf6 7. O-O Be7 8. dxc5 Bxc5 9. a3 O-O 10. b4 Bb6 {D30: Queen's Gambit Declined: Systems without Nc3} 11. Nc3 {[%cal Bb1c3,Bc3a4,Ba4c5][%mdl 32] LiveBook: 33 Games} a6 12. Bg5 Be6 $146 {White is better.} ({Predecessor:} 12... d4 13. Ne4 Bf5 14. Bxf6 gxf6 15. Nc5 Bxc5 16. bxc5 Re8 17. Re1 Be4 18. Qb3 Re7 {0-1 (54) Blomqvist,E (2567)-Leito,P (2333) Puhajarve 2016}) 13. Bxf6 gxf6 14. Rc1 Re8 15. Qd2 Kg7 16. Na4 Ba7 17. Nc5 Qe7 18. Nd4 Rac8 19. Nxc6 Rxc6 20. Nd3 ({Don't play} 20. Bxd5 $6 Bxd5 21. Qxd5 Qxe2 $11) 20... Bb8 21. Rxc6 bxc6 22. Rc1 Bd7 23. e3 ({Better is} 23. Nc5) 23... Bd6 {[#]} (23... a5 $16 {is a better defense.}) 24. Nc5 $1 $18 a5 25. Nxd7 Qxd7 26. bxa5 Bxa3 27. Rb1 Bc5 28. a6 {Black must now prevent Qa5.} Re7 29. Qc2 Qa7 $2 (29... Ba7 30. Rb7 Qe6) 30. Bf1 Rc7 (30... d4 $142 31. Rb7 Rxb7 32. axb7 dxe3) 31. Rb7 Rxb7 32. axb7 Bxe3 33. fxe3 Qxb7 34. Qf5 Qb4 35. Kf2 Qd2+ 36. Be2 c5 37. Qd3 Qa2 38. h4 h6 39. Kf1 Qa1+ 40. Bd1 Qe5 41. Kf2 f5 42. Bf3 d4 43. exd4 cxd4 44. Qd2 Qc5 45. Kg2 Kg6 46. Qd3 Kf6 47. Be2 Qc6+ 48. Qf3 Qc2 49. Kf2 Kg6 50. Qd3 Qc5 51. Qb5 Qc3 52. Qa6+ Kg7 53. Qd3 Qc5 54. Bd1 Kf6 (54... Kg6 $142 55. Bb3 Qe5) 55. Bb3 Qa7 56. Qc4 Kg6 $2 (56... f4 57. gxf4 d3+ 58. Kf3 Qd7) 57. Kf3 {White is clearly winning.} Qb7+ {[#]} 58. Qd5 $1 Qa7 59. Bc2 Qa3+ 60. Kg2 Qe3 61. Qxf5+ Kg7 62. Bd3 Qd2+ 63. Kh3 {Intending Bc4 and mate.} Qe3 64. Bc4 {Precision: White = 93%, Black = 36%.} 1-0

[Event "3rd GRENKE Chess Open 2018"]
[Site "Karlsruhe"]
[Date "2018.03.30"]
[Round "3"]
[White "Papp, Gabor"]
[Black "Engel, Luis"]
[Result "0-1"]
[WhiteElo "2604"]
[BlackElo "2389"]
[Annotator "TA"]
[PlyCount "90"]
[EventDate "2018.??.??"]
[EventType "swiss"]
[EventCountry "GER"]
[SourceTitle "playchess.com"]
[Source "ChessBase"]
[SourceQuality "1"]

{[%evp 29,90,-30,-7,-7,0,-38,0,-68,12,27,186,-23,-24,-24,-33,-39,9,0,0,0,0,0,54,14,17,0,0,0,0,-20,-16,-22,-5,-7,2,-11,50,0,-5,-13,-13,-211,-211,-211,-211,-1117,-1117,-1081,-1057,-1043,-1035,-29976,-29977,-29977,-29978,-29978,-29979,-29978,-29979,-29978,-748,-29979,-29980]} 1. e4 c5 2. Nf3 d6 3. d4 cxd4 4. Nxd4 Nf6 5. Nc3 a6 6. Bg5 e6 7. f4 h6 8. Bh4 Qb6 9. Qd2 Qxb2 10. Rb1 Qa3 11. e5 dxe5 {B97: Sicilian Najdorf: Poisoned Pawn} 12. fxe5 g5 (12... Nfd7 13. Ne4 Qxa2 14. Rd1 Qd5 15. Qe3 Qxe5 16. Be2 Bc5 17. O-O Nc6 18. c3 O-O 19. Bg3 {0-1 (47) Dubov,D (2701)-Sjugirov,S (2652) Batumi 2018}) 13. exf6 gxh4 14. Be2 Qa5 15. O-O Nd7 {LiveBook: 47 Games} (15... h3 $5) 16. Kh1 Qg5 17. Qd3 Nc5 18. Qc4 {[#]} (18. Qf3 $11) 18... Rg8 $146 ({Black should play} 18... b5 $1 $15 19. Ndxb5 axb5 20. Nxb5 Qe5) ({Find the theoretical novelty and annotate with similar games:} 18... Bd7 19. Bf3 {½-½ (35) Van Unen,H (2489)-Mueller,G (2571) ICCF email 2016}) 19. Bf3 $1 $11 Bd6 $2 (19... Rg6 $11 {and Black is okay.}) 20. Rbe1 $2 (20. Ne4 Nxe4 21. Bxe4 Qc5 $14) (20. Rbd1 $1 $18) 20... Bd7 {White must now prevent ...Qf4.} 21. Ne4 Nxe4 22. Rxe4 Rc8 23. Qd3 Rg6 $1 ({But not} 23... Qxf6 $2 24. Bh5 $18) 24. Nxe6 Bxe6 25. Qxd6 {[%csl Gf6][%cal Rd6e7]} Qxf6 (25... Rxf6 $11 26. Re5 Rd8) 26. Rfe1 {Hoping for Bh5.} Qe7 27. Qd4 {aiming for Bh5.} Qc5 28. Qh8+ Ke7 29. Qb2 h3 30. Qxb7+ Rc7 31. Qxa6 hxg2+ 32. Bxg2 Ra7 ({Better is} 32... Kf8 $11 33. Rf4 (33. Rxe6 Rxe6 34. Rxe6 fxe6 $15) 33... Kg7) 33. Qe2 (33. Qf1 $14) 33... Rxa2 34. Rc4 Qa5 35. Qe4 $2 {[#]} ({Don't go for} 35. Rc8 $2 Ra1 $19) (35. Qf2 $11 {and White has nothing to worry.}) 35... Kf8 $1 $19 36. Rb4 {[#]} Rg4 $1 {[%cal Rg4e4]} 37. Rb8+ $2 (37. Qxe6 fxe6 38. Rf1+ Ke7 39. Rxg4) 37... Kg7 38. Qe3 Rxc2 {( -> ...Qd5)} 39. Rg1 {[#]} Qd5 $1 {[%cal Rc2g2][%mdl 512]} 40. Bxd5 Bxd5+ 41. Rg2 Rcxg2 {[%csl Gg4][%cal Rg2g1]} 42. Qe5+ f6 {[%csl Gg4][%cal Rg2g1]} 43. Qe7+ Kg6 {[%csl Gg4][%cal Rg2g1]} 44. Qe8+ Bf7 (44... Kg5 $142 45. Qe3+ Kh5 46. Qh3+ Kg6 47. Qxg2 Rxg2 48. Rg8+ Bxg8 49. Kxg2 h5 50. Kg3 Kf5 51. Kf3 Bd5+ 52. Ke3 Kg4 53. Kd4 Ba2 54. Kc5 Kh3 55. Kd6 Kxh2 56. Ke7 f5 57. Kf6 f4 58. Kg5 f3 59. Kf5 Kg3 60. Ke5 f2 61. Kd4 f1=Q 62. Kc5 Qc4+ 63. Kb6 Bb1 64. Kb7 Bd3 65. Kb8 Qc6 66. Ka7 Qc7+ 67. Ka8 Be4#) 45. Qe3 {[#]} Rg1+ $1 {[%mdl 512] Precision: White = 37%, Black = 54%.} 0-1

[Event "3rd GRENKE Chess Open 2018"]
[Site "Karlsruhe"]
[Date "2018.03.30"]
[Round "3"]
[White "Sumets, Andrey"]
[Black "Lokander, Martin"]
[Result "1/2-1/2"]
[WhiteElo "2590"]
[BlackElo "2379"]
[Annotator "TA"]
[PlyCount "61"]
[EventDate "2018.??.??"]
[EventType "swiss"]
[EventCountry "GER"]
[SourceTitle "playchess.com"]
[Source "ChessBase"]
[SourceQuality "1"]

{[%evp 17,61,6,18,15,8,17,55,54,45,26,27,13,8,10,10,4,13,13,13,13,18,8,10,14,15,14,27,8,8,8,8,7,6,0,0,0,0,0,0,0,0,0,0,0,0,0]} 1. Nf3 d5 2. d4 Nf6 3. c4 c6 4. e3 e6 5. Bd3 dxc4 6. Bxc4 Nbd7 7. O-O Bd6 8. Nbd2 {D30: Queen's Gambit Declined: Systems without Nc3} O-O 9. Bd3 c5 {LiveBook: 13 Games} 10. Re1 (10. Qe2 cxd4 11. exd4 b6 12. Nc4 Be7 13. Bd2 Bb7 14. Rfe1 Bd5 15. Rac1 Rc8 {1-0 (25) Rodshtein,M (2688)-Miton,K (2596) Czech Republic 2017}) 10... cxd4 11. exd4 Nb6 $146 ({Predecessor:} 11... b6 12. Nc4 Bb4 13. Rf1 Bb7 14. Qe2 Qc7 15. Nce5 Bd6 {0-1 (33) Noroozi,O (2392)-Pourramezanali,A (2514) Teheran 2016}) 12. Ne4 Be7 13. Nxf6+ Bxf6 14. Qe2 Nd5 15. Qe4 {[%csl Gd3][%cal Re4h7] [#]} g6 16. Bh6 Re8 17. Bc4 {aiming for Bxd5.} Bd7 {[%cal Bc8d7,Bd7c6,Bc6d5][%mdl 32]} 18. Bxd5 exd5 19. Qxd5 Bc6 20. Rxe8+ Qxe8 21. Qb3 Qe4 22. Re1 (22. Qe3 {keeps more tension.} Qxe3 23. Bxe3 Bd5 24. Ne5 Rc8 25. Nd3) 22... Qd5 {The position is equal.} 23. Qxd5 Bxd5 24. b3 a5 25. Ne5 a4 26. bxa4 Bg7 27. Bxg7 Kxg7 28. Nd7 Rxa4 29. Nb6 Rxd4 30. Nxd5 Rxd5 31. g3 {Precision: White = 72%, Black = 77%.} 1/2-1/2

[Event "3rd GRENKE Chess Open 2018"]
[Site "Karlsruhe"]
[Date "2018.03.30"]
[Round "3"]
[White "Buhmann, Rainer"]
[Black "Farago, Ivan"]
[Result "1-0"]
[WhiteElo "2588"]
[BlackElo "2378"]
[Annotator "TA"]
[PlyCount "75"]
[EventDate "2018.??.??"]
[EventType "swiss"]
[EventCountry "GER"]
[SourceTitle "playchess.com"]
[Source "ChessBase"]
[SourceQuality "1"]

{[%evp 21,75,-8,9,0,17,0,14,0,0,0,0,0,35,-17,-25,-19,33,0,0,12,0,3,99,101,101,105,154,135,145,152,157,168,146,153,277,279,267,276,319,306,470,475,594,591,576,568,625,625,622,581,765,746,733,585,1074,1062]} 1. e4 e6 2. d4 d5 3. Nc3 Bb4 4. e5 c5 5. a3 Bxc3+ 6. bxc3 Ne7 7. Nf3 Qa5 8. Bd2 Nbc6 9. h4 Bd7 10. h5 h6 11. Be2 c4 {LiveBook: 3 Games} 12. Nh4 {C18: French: 3 Nc3 Bb4: Main line: 7 h4 and 7 Qg4} O-O-O 13. Bg4 Rdf8 {[#]} 14. g3 $146 {The position is equal.} ({Predecessor:} 14. Qe2 g5 15. Nf3 Ng8 16. O-O Re8 17. Nh2 f5 18. exf6 Nxf6 19. f4 Ne4 {½-½ (41) Oparin,G (2575)-Vitiugov,N (2721) Sochi 2016}) 14... g5 15. hxg6 $1 fxg6 16. Ng2 g5 17. f4 ({Better is} 17. Ne3 $14) 17... Nf5 $11 18. Bxf5 exf5 (18... Rxf5 $11 19. fxg5 Nxe5) 19. Kf2 Nd8 20. Qb1 $36 {[%mdl 2048] White has some pressure.} ({Much weaker is} 20. fxg5 hxg5 21. Rxh8 Rxh8 $15) 20... Ne6 21. Qb4 Qxb4 (21... Qc7 $1 $11 {remains equal.}) 22. axb4 $16 a6 23. Rh2 h5 24. fxg5 f4 25. Nxf4 Nxg5 26. Ke3 Bg4 27. Ra5 Ne4 (27... Rh6 $16 28. Rxd5 b5) 28. Be1 $18 ({And not} 28. Rxd5 Nxg3 29. Rf2 h4 $15) 28... Ng5 29. Rxd5 Nf3 30. Rh1 Nxe1 (30... Rh6 $142 31. Rc5+ Kb8 32. Rxc4 Ng5) 31. Rxe1 {White is clearly winning.} h4 32. gxh4 Rxh4 33. e6 Rh7 34. Rc5+ Kb8 35. Re5 Kc7 36. Rg1 Rh4 37. Rg5 Bh3 38. Ng6 {Precision: White = 59%, Black = 40%.} 1-0

[Event "3rd GRENKE Chess Open 2018"]
[Site "Karlsruhe"]
[Date "2018.03.30"]
[Round "3"]
[White "Sadzikowski, Daniel"]
[Black "Ondersteijn, Niels"]
[Result "1-0"]
[WhiteElo "2583"]
[BlackElo "2376"]
[Annotator "TA"]
[PlyCount "79"]
[EventDate "2018.??.??"]
[EventType "swiss"]
[EventCountry "GER"]
[SourceTitle "playchess.com"]
[Source "ChessBase"]
[SourceQuality "1"]

{[%evp 29,79,54,63,47,55,53,64,40,43,42,39,41,47,38,36,23,38,30,39,18,12,17,16,14,23,5,0,15,6,10,15,14,57,57,57,57,64,58,109,110,156,132,132,117,151,145,265,264,262,260,307,303]} 1. Nf3 g6 2. e4 c5 3. c4 Nc6 4. d4 cxd4 5. Nxd4 Nf6 6. Nc3 Nxd4 7. Qxd4 d6 8. f3 Bg7 9. Be3 O-O 10. Qd2 a5 11. b3 Be6 12. Rc1 Nd7 13. Be2 Nc5 14. O-O Qb6 {B39: Sicilian: Maroczy Bind with 5...Bg7 and 7...Ng4} 15. Nb5 (15. Rc2 Rfc8 16. Kh1 Qb4 17. Nd5 Bxd5 18. exd5 Na6 19. Qc1 a4 20. Bd2 Qc5 21. Qe1 axb3 22. axb3 {½-½ (44) Predke,A (2530)-Iturrizaga Bonelli,E (2630) Moscow 2015}) 15... Rfc8 {LiveBook: 3 Games} 16. Kh1 $146 ({Predecessor:} 16. Rfd1 Bd7 17. Qe1 Bh6 18. Bf1 Bxe3+ 19. Qxe3 Bxb5 20. cxb5 Nd7 21. Kf2 Kg7 22. g3 Qxe3+ 23. Kxe3 {1-0 (47) Vega Gutierrez,S (2411)-Sgircea,S (2286) Monzon 2016}) 16... Qd8 {White is slightly better.} 17. Rfd1 Qf8 18. Re1 Bd7 19. Nc3 Bc6 20. Bf1 Rd8 21. Nd5 e6 22. Nc3 {[%cal Bd5c3,Bc3e2,Be2d4,Bd4b5][%mdl 32]} h5 23. Ne2 Kh7 24. Nd4 e5 25. Nb5 Bh6 26. Nc7 Ra7 27. Red1 Bxe3 28. Qxe3 b6 29. Nd5 Bxd5 30. Rxd5 Qh6 (30... Rb7 {is interesting.} 31. Rcd1 Ne6 32. Qd2 Rbd7 33. Qf2 Rb7) 31. Qxh6+ Kxh6 32. Rcd1 Rad7 33. g3 $1 Ne6 (33... a4 $14) 34. Bh3 $16 Kg7 35. Bxe6 fxe6 {[#]} 36. Rb5 $1 Rb7 {[#]} 37. c5 $1 {[%mdl 512]} Rdb8 (37... Rc7 $16) (37... bxc5 38. Rxb7+) 38. cxd6 $18 {White has a decisive advantage.} Kf6 39. Rc1 g5 40. Kg2 {Precision: White = 59%, Black = 41%.} 1-0

[Event "3rd GRENKE Chess Open 2018"]
[Site "Karlsruhe"]
[Date "2018.03.30"]
[Round "3"]
[White "Demuth, Adrien"]
[Black "Wenninger, Philipp"]
[Result "1/2-1/2"]
[WhiteElo "2551"]
[BlackElo "2364"]
[Annotator "TA"]
[PlyCount "40"]
[EventDate "2018.??.??"]
[EventType "swiss"]
[EventCountry "GER"]
[SourceTitle "playchess.com"]
[Source "ChessBase"]
[SourceQuality "1"]

{[%evp 15,40,27,41,33,34,25,42,39,42,33,49,40,43,31,29,21,60,59,53,14,14,17,15,0,7,-30,-12]} 1. Nf3 d5 2. g3 Nf6 3. Bg2 c6 4. c4 Bg4 5. Ne5 Be6 6. cxd5 Bxd5 7. Nf3 c5 8. Nc3 {A11: English Opening: 1...c6} Bc6 {LiveBook: 200 Games} 9. O-O e6 10. Qc2 {White is slightly better.} Nbd7 (10... Be7 11. Rd1 O-O 12. d4 cxd4 13. Nxd4 Bxg2 14. Kxg2 Nbd7 15. Bg5 {½-½ (15) Svidler,P (2765)-Karjakin,S (2760) Riadh 2017}) 11. e4 e5 12. a4 $146 ({Predecessor:} 12. d3 Be7 13. a4 O-O 14. Nd2 Ne8 15. Nc4 Nc7 {1-0 (54) Wagner,D (2564)-Schneider,I (2506) Germany 2018}) 12... g6 13. d3 Bg7 14. Rb1 O-O 15. Nd2 Qe7 16. Nc4 Rac8 17. f4 exf4 18. Bxf4 Qe6 19. Rbe1 Ng4 20. Bh3 Bd4+ {Precision: White = 54%, Black = 72%.} 1/2-1/2

[Event "3rd GRENKE Chess Open 2018"]
[Site "Karlsruhe"]
[Date "2018.03.30"]
[Round "3"]
[White "Kuljasevic, Davorin"]
[Black "Fries-Nielsen, Jens Ove"]
[Result "1/2-1/2"]
[WhiteElo "2538"]
[BlackElo "2359"]
[Annotator "TA"]
[PlyCount "33"]
[EventDate "2018.??.??"]
[EventType "swiss"]
[EventCountry "GER"]
[SourceTitle "playchess.com"]
[Source "ChessBase"]
[SourceQuality "1"]

{[%evp 11,33,12,48,23,21,5,40,8,29,-19,-27,-24,21,-46,-44,-40,-44,-38,-16,-21,-18,-26,-18,-28]} 1. d4 g6 2. c4 Bg7 3. e4 e6 4. Nc3 Ne7 5. Nf3 d5 6. e5 {A40: Unusual replies to 1 d4} Nbc6 {LiveBook: 7 Games} 7. Bg5 (7. Be2 h6 8. O-O O-O 9. Re1 b6 10. cxd5 Nxd5 11. Nxd5 Qxd5 12. Bd3 {1-0 (60) Onischuk,A (2681)-Ipatov,A (2665) Saint Louis 2018}) 7... h6 8. Be3 $146 ({Predecessor:} 8. Bf4 dxc4 9. Bxc4 g5 10. Be3 Nf5 11. h3 a6 12. O-O {1-0 (36) Van Foreest,L (2489)-Kreisl,R (2448) Zalakaros 2017}) 8... b6 9. Be2 Bb7 10. Rc1 dxc4 11. Bxc4 Nf5 12. O-O (12. Bd3 $1 $11) 12... O-O $15 13. Qd2 Nce7 14. Be2 Nd5 15. Nxd5 Bxd5 16. Qc3 c6 17. Rfd1 1/2-1/2

[Event "3rd GRENKE Chess Open 2018"]
[Site "Karlsruhe"]
[Date "2018.03.30"]
[Round "3"]
[White "Malakhatko, Vadim"]
[Black "Coenen, Michael"]
[Result "1-0"]
[WhiteElo "2536"]
[BlackElo "2358"]
[Annotator "TA"]
[PlyCount "51"]
[EventDate "2018.??.??"]
[EventType "swiss"]
[EventCountry "GER"]
[SourceTitle "playchess.com"]
[Source "ChessBase"]
[SourceQuality "1"]

{[%evp 22,51,18,31,66,75,99,56,56,47,54,49,54,61,172,156,160,160,181,174,366,388,556,575,868,868,853,866,29993,29994,29994,29995]} 1. c4 e6 2. g3 d5 3. Bg2 Nf6 4. Nf3 Be7 5. O-O O-O 6. d4 dxc4 7. Ne5 Nc6 8. Nxc6 bxc6 9. Na3 Bxa3 10. bxa3 Nd5 11. Qa4 Nb6 12. Qa5 {LiveBook: 18 Games. E05: Open Catalan: 5 Nf3 Be7} Nd5 $146 ({Find the theoretical novelty and annotate with similar games:} 12... Bb7 13. Rd1 Qc8 14. Rb1 Rd8 15. e4 Ba6 16. a4 c5 17. d5 exd5 18. exd5 Bb7 19. Qxc5 Nxa4 20. Qxc4 {½-½ (45) Howell,D (2685)-Speelman,J (2510) England 2017}) 13. Rb1 {[%mdl 1024] White has compensation.} Qe7 14. e4 {White is better.} Nb6 $1 15. Bd2 {Bb4 is the strong threat.} Re8 16. Bb4 Qd8 17. Rfd1 $36 {[%mdl 2048] White is more active.} e5 (17... h6 $14) 18. dxe5 $18 Qg5 19. f4 Qh5 20. f5 g6 $2 {[#]} (20... Qg5 21. Qc5 Rb8) 21. e6 $1 {[%mdl 512] Strongly threatening Qe5.} fxe6 (21... f6 $142 22. Rf1 gxf5 23. exf5 Bb7) 22. Qe5 gxf5 23. Bc3 {[%csl Gc3][%cal Re5g7]} Qg6 24. Bf3 {Intending Bh5! and mate.} Nd7 {[#]} 25. Rxd7 $1 {[%mdl 512]} Bxd7 {[#]} 26. Bh5 $1 {[%mdl 512] Precision: White = 92%, Black = 16%.} 1-0